000
00260nam a2200097Ia 4500
008
171211s9999 xx 000 0 und d
245
_a
Massad Ayoob's Greatest Handguns of the World Volume II
245
_c
Massad F. Ayoob
260
_c
2012
650
_x
Military
999
_c
348280
_d
348280